000 00534nam a2200181 i 4500
001 55691
003 ES-MaACL
005 20230906163210.0
007 t|
008 030925s1966 sp ||||1| spa d
100 1 _aDeuchar, Denis C.
_943973
245 1 0 _aFonocardiografía clínica /
_cpor Denis C. Deuchar.
250 _a1ª ed. a cargo de A. Martínez Sauret.
260 _aBarcelona :
_bElicien,
_c1966.
300 _a160 p. :
_bil. ;
_c24 cm.
700 1 _aMartínez Sauret, A.
_978421
852 _aES-MaACL
_jC-30167
_bR.60139
999 _c55691
_d55691